Poesias / (Record n. 11022)

Dettagli MARC
000 -LEADER
fixed length control field 00781nam a2200229 i 4500
003 - CONTROL NUMBER IDENTIFIER
control field IT-RoINE
005 - DATE AND TIME OF LATEST TRANSACTION
control field 20160222052351.0
008 - FIXED-LENGTH DATA ELEMENTS--GENERAL INFORMATION
fixed length control field 960922s1964 sp 1 dspa d
040 ## - CATALOGING SOURCE
Original cataloging agency SpMaBN
Transcribing agency CDM IT-RoINE
Modifying agency IT-RoINE
100 1# - MAIN ENTRY--PERSONAL NAME
Personal name Querol, Vicente W.,
Fuller form of name (Vicente Wenceslao)
Dates associated with a name 1837-1889
9 (RLIN) 22654
245 10 - TITLE STATEMENT
Title Poesias /
Statement of responsibility, etc Vicente W. Querol ; edición, introducción y notas de Luis Guarner.
260 ## - PUBLICATION, DISTRIBUTION, ETC. (IMPRINT)
Place of publication, distribution, etc Madrid :
Name of publisher, distributor, etc Espasa Calpe,
Date of publication, distribution, etc 1964.
300 ## - PHYSICAL DESCRIPTION
Extent CV, 203 p. ;
Dimensions 20 cm.
336 ## - CONTENT TYPE
Source rdacontent
Content type term text
337 ## - MEDIA TYPE
Source rdamedia
Media type term unmediated
338 ## - CARRIER TYPE
Source rdacarrier
Carrier type term volume
490 1# - SERIES STATEMENT
Series statement Clásicos castellanos ;
Volume number/sequential designation 160
500 ## - GENERAL NOTE
General note Incluye índices.
700 1# - ADDED ENTRY--PERSONAL NAME
Personal name Guarner, Luis,
Dates associated with a name 1902-1986
9 (RLIN) 22655
830 #0 - SERIES ADDED ENTRY--UNIFORM TITLE
9 (RLIN) 22520
Uniform title Clásicos castellanos (Espasa-Calpe) ;
Volume number/sequential designation 160
942 ## - ADDED ENTRY ELEMENTS (KOHA)
Item type Monografías
Dati di copia
Withdrawn status Lost status Damaged status Not for loan Home library Current library Date acquired Total Checkouts Full call number Barcode Date last seen Price effective from Koha item type
        Iglesia Nacional Española en Roma Iglesia Nacional Española en Roma 22/02/2016   COL.A 31.160 20026 22/02/2016 22/02/2016 Monografías